00950nam a2200193 a 450000100100000000500170001000800410002704000250006804100390009308200130013210000250014524001280017024501840029826000470048230000210052953401370055050400320068770000370071900002554820200930023852.0110217s1971 mx r 000 0 spa d aDO-SdBNPbspacBNPHU17aspahpor2Código de idiomas MARC ann*bnn*1 aSinger, Paul Israel.10aDinâmica populacional e desenvolvimento (o papel do crescimiento populacional no desenvolvimento econômico).lEspañol10aDinámica de la población y desarrollo :bel papel del crecimiento demográfico en el desarrollo económico /cPaul Israel Singer ; traducción de Cecilia Del-Veechio Galli. aMéxico, D. F. :bSiglo Veintiuno,c1971. a233 p. ;c20 cm. aTítulo original :tDinâmica populacional e desenvolvimento (o papel do crescimiento populacional no desenvolvimento econômico) aBibliografía : 228-233 p.1 aDel-Veechio Galli, Cecilia,etr.